|
|
|
|
| LEADER |
00000nam0a2200000 4500 |
| 001 |
263691 |
| 005 |
20240914063126.0 |
| 010 |
|
|
|b 5000 экз.
|
| 035 |
|
|
|a (RuTPU)RU\TPU\book\286680
|
| 090 |
|
|
|a 263691
|
| 100 |
|
|
|a 20140610d1934 m y0rusy50 ca
|
| 101 |
0 |
|
|a rus
|
| 102 |
|
|
|a RU
|
| 105 |
|
|
|a a z 001ay
|
| 200 |
1 |
|
|a Египетские ночи
|f А. С. Пушкин
|g гравюры на дереве А. И. Кравченко
|
| 210 |
|
|
|a Москва
|c Государственное издательство "Художественная литература"
|d 1934
|a Ленинград
|
| 215 |
|
|
|a с.
|c грав.
|
| 300 |
|
|
|a Печатается по тексту Полного собрания сочинений А. С. Пушкина в 6 томах, изданного Государственным издательством художественной литературы в 1932 году.
|
| 610 |
1 |
|
|a художественная литература
|
| 610 |
1 |
|
|a 19 век
|
| 610 |
1 |
|
|a прозаические сочинения
|
| 675 |
|
|
|a Р1
|v 3
|
| 700 |
|
1 |
|a Пушкин
|b А. С.
|c российский поэт
|c писатель
|f 1799-1837
|g Александр Сергеевич
|7 ca
|8 rus
|2 stltpush
|3 (RuTPU)RU\TPU\pers\1026
|9 453
|
| 702 |
|
1 |
|a Кравченко
|b А. И.
|c российский гравер
|c рисовальщик
|c живописец
|f 1889-1940
|g Алексей Ильич
|2 stltpush
|3 (RuTPU)RU\TPU\pers\15551
|4 350
|9 5379
|
| 801 |
|
1 |
|a RU
|b 63413507
|c 20140610
|
| 801 |
|
2 |
|a RU
|b 63413507
|c 20140610
|g RCR
|
| 942 |
|
|
|c BK
|